LEADER 00705nas a2200169 i 4500 001 000000008478 003 CaOOAMICUS 005 20180830125439.0 008 180830n it u0 ita u 040 $aSeMil$bita 245 13$aLa scrittura possibile :$bletteratura, critica, teoria /$ccollana diretta da Carlo A. Augieri e Giuseppe Zaccaria. 260 $aLecce :$bMilella,$c[19--] 300 $a__v. ;$c19 cm. 700 1 $aZaccaria, Giuseppe.$0(OLS)http://semarc/name/4286 700 1 $aAugieri, Carlo Alberto.$0(OLS)http://semarc/name/4285 996 $6245$aLa scrittura possibile :$bletteratura, critica, teoria$9(OLS)http://semarc/title/11245 996 $6260$aLecce :$bMilella$9(OLS)http://semarc/publisher/30412 LEADER 00826nam a2200181 i 4500 001 000000206776 003 CaOOAMICUS 005 20111012000000.0 008 111012s1883 it u000 u ita u 013 $a185548 040 $aSeMil$bita 100 1 $aCavallotti, Felice,$d<1842-1898>.$0(OLS)http://semarc/name/11350 245 10$aAnticaglie :$bAlcibiade ; La critica e il secolo di Pericle. 300 $a382 p. 773 0 $aCavallotti, Felice <1842-1898>$tOpere di Felice Cavallotti.$dMilano : Tipografia Sociale : [dal vol. 7 al 9]... Carlo Aliprandi : [il vol. 10]... La Poligrafica, 1881-1896.$gVol.4$w()25568 850 $aSeMil 852 $aSeMil$W1$xVenegono$y1$m1R V 9 FA$j157239$B157239$CSeMilBibl$Z2$F168556 $8I 996 $6245$aAnticaglie :$bAlcibiade ; La critica e il secolo di Pericle$9(OLS)http://semarc/title/299008